1986 1407 1927 1125 1565 1412 1823 1878 1888 1192 1560 1333 1500 1480 1075 1800 1366 1004 1043 1985 1996 1545 1446 1339 1273 1310 1143 1234 1999 1546 1815 1134 1553 1473 1270 1203 1855 1082 1171 1635 1953 1277 1590 1740 1227 1662 1631 1222 1936 1779 1154 1470 1732 1310 1975 1347 1891 1023 1136 1067 1048 1405 1525 1863 1324 1666 1624 1487 1690 1259 1742 1591 1231 1111 1378 1732 1909 1105 1765 1895 1610 1567 1697 1590 1851 1050 1455 1224 1256 1053 1516 1060 1923 1858 1134 1777 1313 1978 1397 BCNSPRNW ULIB Ver.6.0+V

เปลี่ยนเป็นภาษาไทย

Change to English
 แสดงรายละเอียดบรรณานุกรม
  กลับหน้าหลัก

Brief Record : Get Marc (ISO 2709) : E-mail record : QR code < ปิดหน้าต่าง
LEADER : 00000nam 2200000uu 4500
001    13399113656
003     ULIB
008    111213s2546||||th 000 0 tha d
020    ^a9749656024
090    ^aนว.^bร930ฮ ล.5 2546
100 0  ^aโรว์ลิ่ง, เจ.เค.
245 00 ^aแฮร์รี่ พอตเตอร์ กับห้องแห่งความลับ เล่ม 2/^cโรว์ลิ่ง, เจ.เค.
250    ^aพิมพ์ครั้งที่ 1
260    ^aกรุงเทพฯ :^bนานมีบุ๊คส์,^c2546
300    ^a1048 หน้า
710 1  ^aนานมีบุ๊คส์
945    ^p495^l0^i14050
995    ^aกัณชพร
999 ^a ใช้งานได้ทุกระบบ
รายการนี้ยังไม่มีแท็ก
คุณยังไม่ได้ล็อกอิน คุณสามารถมีกิจกรรมร่วมกับเว็บไซต์ได้ แต่ต้องล็อกอินก่อน ::
  ล็อกอิน

รายการสื่อสารสนเทศ

ลำดับที่ ประเภท เลขเรียก/บาร์โค้ด สถานที่ สถานะ
- ไม่พบข้อมูล -

รายการใกล้เคียง
    ผู้แต่ง [โรว์ลิ่ง, เจ.เค.]

BibComment


ยังไม่เคยถูกคอมเมนท์

คอมเมนท์ทรัพยากรรายการนี้
  คอมเมนท์: แฮร์รี่ พอตเตอร์..


 Copyright 2026. Bcnsprnw @Library